|
|
|
|
| LEADER |
00000nam0a2200000 4500 |
| 001 |
101315 |
| 005 |
20231101214347.0 |
| 035 |
|
|
|a (RuTPU)RU\TPU\book\109188
|
| 090 |
|
|
|a 101315
|
| 100 |
|
|
|a 20060908d1983 km y0rusy50 ca
|
| 101 |
0 |
|
|a rus
|
| 102 |
|
|
|a RU
|
| 105 |
|
|
|a y z 001zy
|
| 200 |
1 |
|
|a Теоретические основы контроля в учебном процессе
|f Н. Ф. Талызина
|g Всесоюзное общество "Знание"; Политехнический музей
|
| 210 |
|
|
|a Москва
|c Знание
|d 1983
|
| 215 |
|
|
|a 96 с.
|
| 320 |
|
|
|a Библиография в конце статей
|
| 423 |
|
|
|t Графопроекция ( реализация принципа наглядности в различных формах и методах обучения)
|f З. С. Харьковский
|
| 423 |
|
|
|t Методическое обеспечение учебного предмета
|f В. Б. Лукьянов
|a Лукьянов, Валерий Борисович
|
| 610 |
1 |
|
|a высшая школа
|
| 610 |
1 |
|
|a преподавание
|
| 610 |
1 |
|
|a учебные процессы
|
| 610 |
1 |
|
|a контроль
|
| 610 |
1 |
|
|a наглядность
|
| 610 |
1 |
|
|a методическое обеспечение
|
| 610 |
1 |
|
|a методика
|
| 686 |
|
|
|a Ч486
|v LBC/SL-A
|2 rubbk
|
| 700 |
|
1 |
|a Талызина
|b Н. Ф.
|g Нина Федоровна
|
| 712 |
0 |
2 |
|a Всесоюзное общество "Знание"
|2 stltpush
|3 (RuTPU)RU\TPU\col\9744
|
| 712 |
0 |
2 |
|a Политехнический музей
|2 stltpush
|3 (RuTPU)RU\TPU\col\9745
|9 24746
|
| 801 |
|
1 |
|a RU
|b 63413507
|c 20060908
|g PSBO
|
| 801 |
|
2 |
|a RU
|b 63413507
|c 20180117
|g PSBO
|
| 942 |
|
|
|c BK
|